Estadísticas para Mapa político (España)

Haz click aquí para intentar la prueba.

Estadísticas generales

  • Esta prueba ha sido intentada 108 veces
  • La puntuación promedio es 28 de 52

Estadísticas de respuestas

PreguntaRespuesta% Correcto
¿Mayor ganador en: Guipúzcoa / Gipuzkoa?Partido Nacionalista Vasco (PNV)
80%
¿Mayor ganador en: Ávila?Partido Popular (PP)
79%
¿Mayor ganador en: Vizcaya / Bizkaia?Partido Nacionalista Vasco (PNV)
78%
¿Mayor ganador en: Gerona / Girona?Convergència Democràtica de Catalunya (CDC)
75%
¿Mayor ganador en: Asturias?Partido Socialista Obrero Español (PSOE)
74%
¿Mayor ganados en: Burgos?Partido Popular (PP)
73%
¿Mayor ganador en: Murcia?Partido Popular (PP)
72%
¿Mayor ganador en: Cádiz?Partido Socialista Obrero Español (PSOE)
72%
¿Mayor ganador en: Madrid?Partido Popular (PP)
71%
¿Mayor ganador en: Ceuta?Partido Popular (PP)
70%
¿Mayor ganador en: Lérida / Lleida?Convergència Democràtica de Catalunya (CDC)
67%
¿Mayor ganador en: Badajoz?Partido Socialista Obrero Español (PSOE)
67%
¿Mayor ganador en: Palencia?Partido Popular (PP)
66%
¿Mayor ganador en: Salamanca?Partido Popular (PP)
66%
¿Mayor ganador en: Melilla?Partido Popular (PP)
66%
¿Mayor ganador en: Huelva?Partido Socialista Obrero Español (PSOE)
66%
¿Mayor ganador en: Córdoba?Partido Socialista Obrero Español (PSOE)
66%
¿Mayor ganador en: Segovia?Partido Popular (PP)
63%
¿Mayor ganador en: Cáceres?Partido Socialista Obrero Español (PSOE)
63%
¿Mayor ganador en: Granada?Partido Socialista Obrero Español (PSOE)
62%
¿Mayor ganador en: Jaén?Partido Socialista Obrero Español (PSOE)
62%
¿Mayor ganador en: Sevilla?Partido Socialista Obrero Español (PSOE)
62%
¿Mayor ganador en: Zamora?Partido Popular (PP)
61%
¿Mayor ganador en: Soria?Partido Popular (PP)
60%
¿Mayor ganador en: Valladolid?Partido Popular (PP)
58%
¿Mayor ganador en: Pontevedra?Partido Popular (PP)
57%
¿Mayor ganador en: La Coruña / A Coruña?Partido Popular (PP)
57%
¿Mayor ganador en: Orense / Ourense?Partido Popular (PP)
57%
¿Mayor ganador en: Ciudad Real?Partido Socialista Obrero Español (PSOE)
53%
¿Mayor ganador en: Navarra?Partido Popular (PP)
52%
¿Mayor ganador en: Málaga?Partido Socialista Obrero Español (PSOE)
51%
¿Mayor ganador en: La Rioja?Partido Popular (PP)
49%
¿Mayor ganador en: Alicante / Alacant?Partido Popular (PP)
49%
¿Mayor ganador en: Lugo?Partido Popular (PP)
47%
¿Mayor ganador en: Guadalajara?Partido Popular (PP)
46%
¿Mayor ganador en: Huesca?Partido Socialista Obrero Español (PSOE)
45%
¿Mayor ganador en: Toledo?Partido Popular (PP)
44%
¿Mayor ganador en: Teruel?Partido Socialista Obrero Español (PSOE)
44%
¿Mayor ganador en: Zaragoza?Partido Socialista Obrero Español (PSOE)
42%
¿Mayor ganador en: Cuenca?Partido Popular (PP)
39%
¿Mayor ganador en: Albacete?Partido Popular (PP)
38%
¿Mayor ganador en: Islas Baleares / Illes Balears?Partido Popular (PP)
35%
¿Mayor ganador en: Castellón de la Plana / Castelló de la Plana?Partido Popular (PP)
35%
¿Mayor ganador en: León?Partido Socialista Obrero Español (PSOE)
35%
¿Mayor ganador en: Barcelona?Partido Socialista Obrero Español (PSOE)
35%
¿Mayor ganador en: Santa Cruz de Tenerife?Partido Socialista Obrero Español (PSOE)
34%
¿Mayor ganador en: Almería?Partido Socialista Obrero Español (PSOE)
34%
¿Mayor ganador en: Valencia / València?Partido Popular (PP)
31%
¿Mayor ganador en: Tarragona?Partido Socialista Obrero Español (PSOE)
31%
¿Mayor ganador en: Las Palmas de Gran Canaria?Partido Popular (PP)
15%
¿Mayor ganador en: Álava / Araba?Partido Socialista Obrero Español (PSOE)
15%
¿Mayor ganador en: Cantabria?Partido Socialista Obrero Español (PSOE)
13%

Distribución de puntuación

Porcentaje por número respondido

Porcentaje de gente con cada puntuación

Historial de tus puntuaciones

No has intentado esta prueba.